[Event "Titled Tuesday intern op 08th Aug Early"]
[Site "Chess.com INT"]
[Date "2023.08.08"]
[Round "3"]
[White "Pershina, Elena"]
[Black "Kosteniuk, Alexandra"]
[Result "0-1"]
[WhiteElo "2114"]
[BlackElo "2532"]
[PlyCount "98"]
[EventDate "2023.08.08"]
[EventType "swiss (blitz)"]
[EventRounds "11"]
[EventCountry "USA"]
[SourceTitle "EXT 2024"]
[Source "ChessBase"]
[SourceDate "2023.10.10"]
[SourceVersion "1"]
[SourceVersionDate "2023.10.10"]
[SourceQuality "1"]

1. d4 Nf6 2. c4 g6 3. g3 Bg7 4. Nc3 0-0 5. Bg2 d6 6. Nf3 Nc6 7. 0-0 e5 8. d5 Ne7 9. e4 h6 10. Ne1 Nh7 11. Nd3 f5 12. f4 fxe4 13. Nxe4 exf4 14. Bxf4 Nf5 15. Kh1 Nf6 16. Nxf6+ Rxf6 17. Qc2 Bd7 18. Rae1 Qf8 19. Bd2 Nd4 20. Qc1 Re8 21. Rxe8 Rxf1+ 22. Qxf1 Bxe8 23. Qxf8+ Kxf8 24. Be4 g5 25. Kg2 Bh5 26. Bc3 Kf7 27. h3 Bd1 28. Nf2 Ba4 29. b3 Bd7 30. g4 Ne2 31. Bxg7 Nf4+ 32. Kf3 Kxg7 33. Ke3 Kf6 34. Bc2 c6 35. dxc6 bxc6 36. Be4 Ke5 37. Bf3 d5 38. cxd5 cxd5 39. Nd3+ Nxd3 40. Kxd3 Bb5+ 41. Kc3 Bf1 42. b4 Bxh3 43. a4 d4+ 44. Kd2 Bf1 45. b5 Bc4 46. Be2 Bd5 47. Bd3 Kf4 48. Bf5 h5 49. a5 hxg4 0-1